Geometric transformations

Saved in:
Bibliographic Details
Main Author: Modenov, P. S. (Petr Sergeevich)
Other Authors: Parkhomenko, A. S.
Format: Book
Language:English
Published: New York : Published in cooperation with the Survey of Recent East European Mathematical Literature [by] Academic Press, c1965, 1966 (printing)
Series:Academic paperbacks
Subjects:
Tags: Add Tag
No Tags, Be the first to tag this record!

MARC

LEADER 00000cam a2200000 i 4500
001 1/99145
008 081211r19651966 eng d
035 |l 10102350 
040 |a GR-MY-UA  |b gre  |e aacr 
041 0 |a eng 
082 0 |a 516.1  |2 (22) 
100 1 |a Modenov, P. S.   |q (Petr Sergeevich) 
245 1 0 |a Geometric transformations /  |c P.S. Modenov and A.S. Parkhomenko ; translated and adapted from the first Russian edition by Michael B. P. Slater 
260 |a New York :   |b Published in cooperation with the Survey of Recent East European Mathematical Literature [by] Academic Press,   |c c1965, 1966 (printing) 
300 |a 2 τ.;  |b εικ.;  |c 21 εκ. 
490 1 |a Academic paperbacks 
504 |a Περιέχει ευρετήριο 
505 0 |a Τ.1 Euclidean and affine transformationsτ.2 Projective Transformations 
650 0 0 |a Transformations (Mathematics) 
700 1 |a Parkhomenko, A. S. 
830 0 |a Academic paperbacks 
852 |a INST  |b SAMOS  |c MAG  |e 20081211  |h 516.1 MOD  |p 005300029534  |q 005300029534  |t BK  |v τ.2:  |y 0  |z τ.2 
852 |a INST  |b SAMOS  |c MAG  |e 20081211  |h 516.1 MOD  |p 005300029535  |q 005300029535  |t BK  |v τ.1:  |y 0  |z τ.1 
853 |a INST  |b SAMOS  |c MAG  |h 516.1 MOD 
901 |a BIBL3-2008-3 
909 |a Σ  |b 155438 
909 |a Σ  |b 155439 
970 |a ΣΙΤΖΙΜΗ  |b ΓΙΑΣΕΜΗ  |z 2008/12/11